A monumental challenge (Record no. 77251)

MARC details
000 -LEADER
fixed length control field 01013cab a2200217 4500
001 - CONTROL NUMBER
control field ##L133895
008 - FIXED-LENGTH DATA ELEMENTS--GENERAL INFORMATION
fixed length control field 060616n2006 000 0 eng u
035 ## - SYSTEM CONTROL NUMBER
System control number (Sirsi) u133895
041 0# - LANGUAGE CODE
Language code of text/sound track or separate title eng
100 1# - MAIN ENTRY--PERSONAL NAME
Personal name Falconer, Heather
245 02 - TITLE STATEMENT
Title A monumental challenge
260 ## - PUBLICATION, DISTRIBUTION, ETC.
Date of publication, distribution, etc. 2006
490 #0 - SERIES STATEMENT
Series statement Facilities Management
Volume/sequential designation 13(9) June 2006, 10-12(3)
520 ## - SUMMARY, ETC.
Summary, etc. Investigates the issues faced by facilities managers responsible for maintaining period buildings and ensuring they are accessible and meet modern environmental standards. Includes a look at problems of balancing provision of access for disabled users with conservation at Alexandra Palace, and the issues tackled at the HM Treasury buildings in implementing its environmental management system.
590 ## - LOCAL NOTE (RLIN)
Local note IKA200606
650 24 - SUBJECT ADDED ENTRY--TOPICAL TERM
Topical term or geographic name entry element DISABILITY DISCRIMINATION ACT 1995
650 24 - SUBJECT ADDED ENTRY--TOPICAL TERM
Topical term or geographic name entry element ISO14001
651 #4 - SUBJECT ADDED ENTRY--GEOGRAPHIC NAME
Geographic name United Kingdom
Chronological subdivision
690 ## - LOCAL SUBJECT ADDED ENTRY--TOPICAL TERM (OCLC, RLIN)
Topical term or geographic name as entry element BUILT ENVIRONMENT-BUILDING TYPES-HISTORIC BUILDINGS AND ANCIENT MONUMENTS-LISTED BUILDINGS
942 ## - ADDED ENTRY ELEMENTS (KOHA)
Suppress in OPAC 0
Holdings
Withdrawn status Lost status Source of classification or shelving scheme Damaged status Not for loan Home library Current library Shelving location Date acquired Total Checkouts Full call number Barcode Date last seen Copy number Price effective from Koha item type
    Dewey Decimal Classification     London London Journal article 16/06/2006   L133895 133895-1001 06/08/2019 1 06/08/2019 Journal article